000 00729nam a2200205 a 4500
001 000036671
005 20200930075850.0
008 120124s1980 es a 000 0 spa d
020 _a8429155031
040 _aDO-SdBNP
_bspa
_cBNPHU
100 1 _aAlexander, J. Wesley
_d1934-
_962950
240 1 0 _aFundamentals of cilinical immunology
_lespañol
245 1 0 _aPrincipios de inmunología clínica /
_cJ. Wesley Alexander, Robert A. Good ;versión español por Rafael Echevarría Ramos.
260 _aBarcelona :
_bReverté,
_c1980.
300 _aXII, 418 p. :
_bil. ;
_c22 cm.
500 _aIncluye índice
504 _aBibliografia: p. 399-408.
700 1 2 _aGood, Robert A
_962951
700 1 2 _aEchevarría Ramos, Rafael
_962952
999 _c36162
_d36162